Creative ZEN Nano plus

Bibliographic Details
Main Author: Valter, Matúš (Author)
Format: Article
Language:Slovak
PhysicalDescription:Obr., tab.
ISSN:1336-5754
Subjects:

MARC

LEADER 00000nab a2200000 ar4500
001 vtls008427489
003 SK-MaSNL
005 20260303065957.0
008 060201c2005 xo mr|p|||||||000 b|slo
015 |a SNBRB2006/02  |2 snkbucl 
038 |a SNKBUCL 
040 |a SNKBUCL  |b slo  |c SNKBUCL  |e AACR2 
041 0 |a slo 
044 |a xo  |c SK 
080 |a 004.357  |2 1997 
080 |a 681.846  |2 1997 
100 1 |a Valter, Matúš  |4 aut  |9 1057826 
245 1 0 |a Creative ZEN Nano plus  |c Matúš Valter 
300 |b Obr., tab. 
650 0 7 |a Creative ZEN Nano plus (prehrávač)  |2 snkbucl  |9 1066765 
650 0 7 |a prenosné hudobné prehrávače  |2 snkbucl  |9 27117 
773 0 |t DiGi revue  |g Roč. 1, č. 10 (2005), s. 58  |x 1336-5754 
852 |a SNK  |b KIS3GCP 
999 |c 1753491  |d 1755421